000
00264nam a2200109Ia 4500
008
220713s9999 xx 000 0 und d
020
_a
978 0 7166 7726 0
082
_a
JR 591.564 LEAR
100
_a
No author, editors only
245
0
_a
Animal Homes
942
_c
BK
_y
561
_z
John Tresidder
999
_c
697769
_d
697768